00590nam a22001937a 4500020001800000082002100018100001300039245003900052260004500091300001000136650003000146650002000176650002500196650001600221700002200237942000700259999001900266952011100285 a9789355435644 aM3 (FTr.)bMAT/M aMat Haig aThe midnight library/cby Mat Haig aBhopal:bManjul Publishing House,c2020. a329p. aTranslation Novel English aNovel Malayalam aLiterature Malayalam aLiterature  aHaritha C K (tr.) cBK c182057d182057 00104070aSSUSbSSUScSTACKSd2026-06-04g399.00l0oM3 (FTr.) MAT/Mp109189r2026-06-04w2026-06-04yBK